Introducción a la salud ocupacional para médicos y estudiantes /
Bewaard in:
| Hoofdauteur: | |
|---|---|
| Andere auteurs: | |
| Formaat: | Texto |
| Onderwerpen: | |
| Tags: |
Voeg label toe
Geen labels, Wees de eerste die dit record labelt!
|
MARC
| LEADER | 00000 a a2200000 04500 | ||
|---|---|---|---|
| 001 | 47445 | ||
| 003 | |||
| 040 | |||
| 090 | |a REV0857 4 (9) 1978 | ||
| 100 | |a Molina, Gustavo | ||
| 245 | |a Introducción a la salud ocupacional para médicos y estudiantes / |c Gustavo Molina, Samuel Henao | ||
| 650 | |a SALUD OCUPACIONAL | ||
| 650 | |a ACCIDENTES DEL TRABAJO | ||
| 650 | |a SEGURIDAD LABORAL | ||
| 700 | |a Henao, Samuel | ||
| 773 | |g volumen4, número9, enero-abril (1978) | ||
| 999 | |c 32154 |d 32154 | ||
